000 00861cab a2200265 4500
001 WB3139-55
008 090401t1995 xxu||||| |||| 00| 0 eng d
035 _a(Sirsi) u3016
041 _aeng
245 _aReceiver for Cornerstone
260 _c1995
350 _a0
490 _aEvening Standard
_v19 October 1995, 33
490 _aTimes
_v20 October 1995, 25
490 _aGuardian
_v20 October 1995, 21
490 _aDaily Telegraph
_v20 October 1995, 32
520 _aCornerstone, Britain`s largest independent chain of estate agents has called in the receivers, amongst a background of gloom in the construction industry.
650 _aCORNERSTONE
650 _aESTATE AGENTS
650 _aRECEIVERSHIP
650 _aRESIDENTIAL AGENTS
690 _aMANAGEMENT-BUSINESS MANAGEMENT-PROFESSIONAL PRACTICE
942 _n0
948 _c04/03/1997
999 _c1819
_d1819